000 00814nam a22002777a 4500
003 CHAP
005 20220329134658.0
008 971013s1976 r 00010 d
010 _a24108
011 _a25080
035 _a29180
040 _cCHAP
082 _a335.43
_bB74Y
100 0 0 _aBrezhnev, Leonid I.
_915297
245 _aPor el camino de Lenin ; discursos y artĂ­culos (1972-1975)
260 _aMoscĂș :
_bProgreso,
_c1976
300 _a604 p.
590 _aBATCH-UPD
_b10
_c20130110
_lUCH01
_h0239
590 _aBATCH-UPD
_b10
_c20130110
_lUCH01
_h1755
590 _aCONVERSION
_b10
_c20130109
_lUCH01
_h1314
650 1 4 _aComunismo.
_926257
700 0 _aLenin, Vladimir Ilich.
_965999
901 _aBK
942 _cLIBRO
949 _a335.43 B74Y
_bBC
_cLIBRO
_d33724000351144
_eLIBRO
_h62223
_i29180
_si
999 _c24108
_d24108